000 00199 a2200097 4500
001 1410
100 _aWilson, T.W
245 _aDie design handbooks
260 _a
_bMcgrawhill
_c
090 _c959
_d959
942 _aNUST-CAE
_cM
_c36477
999 _c236483
_d236483